Culture and psyche: (Record no. 53126)

MARC details
000 -LEADER
fixed length control field 00612naa a2200181 4500
005 - DATE AND TIME OF LATEST TRANSACTION
control field 20110623164437.0
020 ## - INTERNATIONAL STANDARD BOOK NUMBER
International Standard Book Number 9780195676684
Terms of availability 235.00
037 ## - SOURCE OF ACQUISITION
Source of stock number/acquisition Oxford University Press
100 ## - MAIN ENTRY--PERSONAL NAME
Personal name Kakar, Sudhir
245 ## - TITLE STATEMENT
Title Culture and psyche:
Statement of responsibility, etc by Sudhir Kakar
Remainder of title selected essays /
250 ## - EDITION STATEMENT
Edition statement 2nd ed.
260 ## - PUBLICATION, DISTRIBUTION, ETC. (IMPRINT)
Place of publication, distribution, etc New Delhi
Name of publisher, distributor, etc Oxford University Press
Date of publication, distribution, etc 2010
270 ## - ADDRESS
Address YMCA Library Building, Jai Singh Road
City New Delhi
Postal code 110001
300 ## - PHYSICAL DESCRIPTION
Extent x, 144p
Dimensions 24cm (pbb)
500 ## - GENERAL NOTE
General note Includes index
942 ## - ADDED ENTRY ELEMENTS (KOHA)
Source of classification or shelving scheme Dewey Decimal Classification
Item type English Books
Call number suffix KAK
Holdings
Withdrawn status Lost status Not for loan Home library Current library Date acquired Cost, normal purchase price Full call number Cost, replacement price Koha item type
      Andrews Gunj Andrews Gunj 23/06/2011 235.00 KAK 235.00 English Books

© Delhi Public Library
Hit Counter
free hit counter